Normal view
MARC view
- JACOBOWITZ, HENRY
Entry Personal Name
001 - CONTROL NUMBER
- control field: 80451
003 - CONTROL NUMBER IDENTIFIER
- control field: NUST
005 - DATE AND TIME OF LATEST TRANSACTION
- control field: 20210628210653.0
008 - FIXED-LENGTH DATA ELEMENTS
- fixed length control field: 210628|| aca||aabn | a|a d
040 ## - CATALOGING SOURCE
- Original cataloging agency: NUST
- Transcribing agency: NUST
100 ## - HEADING--PERSONAL NAME
- Personal name: JACOBOWITZ, HENRY
670 ## - SOURCE DATA FOUND
- Source citation: Work cat.: (NUST): JACOBOWITZ, HENRY, HOW TO SOLVE PROBLEMS IN ELECTRICITY AND ELECTRONICS, 1962
